Report of the National Bipartisan Commission on Central America

Na minha lista:
Detalhes bibliográficos
Autor Corporativo: The national bipartisan commission on Central America
Formato: Texto
Publicado em: Washington D.C: s.e
Tags: Adicionar Tag
Sem tags, seja o primeiro a adicionar uma tag!

MARC

LEADER 00000 a a2200000 04500
001 25353
003
040
090 |a 181300  
110 |a The national bipartisan commission on Central America  
245 |a Report of the National Bipartisan Commission on Central America  
260 |a Washington D.C:   |b s.e  
300 |a 132 p.  
999 |c 15988  |d 15988